Trinité et Tobago pour les touristes... - Facile - Statistiques

Statistiques générales
  • Ce quiz a été pris 5 fois
  • Le résultat moyen est 13 sur 20
Statistiques - réponses
Question Indice Réponses Indice facile % Correct
Combien d'heures (environ) mettrez-vous pour vous y rendre ? (en chiffres) 10
100%
Dans la capitale quel est le décalage horaire avec Paris ? (+ ou - et chiffre) ex - 10 - 6
100%
Quelle est la langue officielle ? Anglais
100%
Autres langues parlées Espagnol E
100%
Autres langues parlées Français F
100%
La conduite se fait à droite ou à gauche ? Gauche
100%
Avez-vous besoin d'un visa ? (oui/non) Non
100%
Quel est le climat local ? T Tropical
100%
Achats à faire 2/ Pour assaisonner Epices PECISE
80%
Achats à faire 1/ Vêtement traditionnel indien Sari RAIS
80%
La vitesse est limitée hors des villes à {110} km/h
60%
Comment se nomme la principale compagnie aérienne locale C A Caribbean Airlines SRENIACIEIRNAABLB
60%
Quelles sont les principaux lieux touristiques ? C {Cascades} de Trinidad ASECASCD
40%
La religion majoritaire est Catholicisme C
40%
Autres langues parlées Hindi H
40%
Quelles sont les principaux lieux touristiques ? A Plage {Ancon} CONNA
40%
Le suffixe internet est tt
40%
Quelle est la monnaie ? Dollar de Trinité et Tobago $
20%
Le principal aéroport est P Piarco
20%
Quelles sont les principaux lieux touristiques ? L I Vallée de {Los Ingenios} SNGLSIEOINO
20%
Aucun quiz correspondant
Distribution des résultats
% des personnes avec chaque résultat
Percentile par nombre de réponses
Votre historique - résultats
Vous n’avez pas pris ce quiz